000 00741nam a2200193Ia 4500
003 LDD
008 190117s9999 xx 000 0 und d
020 _a9789381610169
_c₹200
040 _cLDD
041 _ahi
082 _a8H1.71 वा65592प्र
100 _aचयन एवं संपादक रामचंद्र
245 0 _aप्रतिनिधि कविताएं
_b ओमप्रकाश वाल्मिकी
_cचयन एवं संपादक रामचंद्र
260 _aदिल्ली
_bशिल्पायन
_c2012
300 _a117
901 _aHBC
904 _aReqst by : Shatrughna Kumar
942 _2ddc
_cH
999 _c158562
_d158562